00892nam a2200229 a 450000100060000000300090000600800410001502000150005604000280007108200160009910000280011524500680014326000560021130000110026749000420027850500840032059000470040465000310045194200120048299900170049495201510051119792CO-ViMGA141112s2004 ck r 000 u spa d a9968380814 aCO-ViMGAbspacCO-ViMGA04a347.9 C687e1 aCouture, Eduardo92866210aEstudios, ensayos y lecciones de derecho procesal civil. Vol. 2 aMexico : bEditorial Juridica Universitaria, c2001 a475 p. aClásicos del derecho procesal civil aConstitucion y proceso civil. Juez, partes y proceso. Pruebas en materia civil. aForma de adquisición : Premio Mincultura14aPROCEDIMIENTO CIVIL948794 2ddccBK c28924d28924 00102ddc40708002aMEVIECARbMEVIECARd2015-12-04hVolumen. 1 | 11/jun/2009l0o347.9 C687e p19792r2017-10-12 00:00:00tEj. 1w2015-12-04yBK